| 000 | 00652 a2200193 4500 | ||
|---|---|---|---|
| 999 |
_c6954 _d6954 |
||
| 020 | _a9780521633895 | ||
| 050 | _aDT 1050 MIT 2002 | ||
| 100 | _a Mitchell, Peter, | ||
| 245 |
_aThe Archaeology of Southern Africa/ _cPeter Mitchell |
||
| 264 |
_aCambridge : _bCambridge University Press, _c2002. |
||
| 300 | _axiv;515p. | ||
| 440 | _aCambridge world archaeology | ||
| 500 | _aincludes bibliographical references and index | ||
| 650 | _aAfrica, Southern - Antiquities.. | ||
| 650 | _a Excavations (Archaeology) - Africa, Southern | ||
| 650 | _aAntiquities, Prehistoric -- Africa, Southern. | ||
| 651 | _aAfrica | ||
| 942 |
_2lcc _cBK _h1050 _iMIT _kDT |
||